Oscillation Theory for Functional Differential Equations

Αποθηκεύτηκε σε:
Λεπτομέρειες βιβλιογραφικής εγγραφής
Κύριος συγγραφέας: Erbe, L.H
Άλλοι συγγραφείς: Kong, Qingkai, Zhang, B. G. 1934-
Μορφή: Βιβλίο
Γλώσσα:English
Δημοσίευση: New York : Marcel Dekker, c1995
Σειρά:Monographs and textbooks in pure and applied mathematics ; ; 190
Θέματα:
Ετικέτες: Προσθήκη ετικέτας
Δεν υπάρχουν, Καταχωρήστε ετικέτα πρώτοι!

MARC

LEADER 00000nam a2200000 i 4500
001 1/54331
008 951031s1995 eng d
020 |a 0-8247-9598-9 
035 |1 ΕΛΗ  |a 1995  |b 2410  |c ΠΟΥΡΝΑΡΑΣ  |l 10044964 
040 |a GR-MY-UA  |b gre  |e aacr 
041 0 |a eng 
082 0 |a 515.352 
100 1 |a Erbe, L.H. 
245 1 0 |a Oscillation Theory for Functional Differential Equations /  |c L.H. Erbe, Qingkai Kong & B.G. Zhang 
260 |a New York :   |b Marcel Dekker,   |c c1995 
300 |a 482 p.;  |c 24 cm. 
490 1 |a Monographs and textbooks in pure and applied mathematics  |v ; 190 
504 |a Includes bibliographical references and index 
650 0 0 |a Functional differential equations  |x Numerical Solutions. 
650 0 0 |a Oscillations. 
700 1 |a Kong, Qingkai. 
700 1 |a Zhang, B. G.  |d 1934- 
830 0 |a Monographs and textbooks in pure and applied mathematics ;  |v ; 190 
852 |a INST  |b SAMOS  |e 19951031  |h 515.352 ERB  |p 005300009249  |q 005300009249  |t BK  |y 0 
901 |a BIBL-1997-1 
909 |a Σ  |b 049340